Uzlaub in Österreich
| Main Author: | |
|---|---|
| Format: | Book |
| Language: | Undetermined |
| PhysicalDescription: | 188 s. |
| Published: |
Gütersloh
Mohn and Co GmbH
1961
|
MARC
| LEADER | 00000nam a2200000 a 4500 | ||
|---|---|---|---|
| 001 | vtls001351257 | ||
| 003 | SK-MaSNL | ||
| 005 | 20260301070350.0 | ||
| 008 | 240318s1961 xx 0 und | ||
| 035 | |a SNK000304613 | ||
| 040 | |a SNK |b slo |c SNK |e AACR2 | ||
| 100 | 1 | |a Landgrebe, Erich |4 aut |9 386456 | |
| 245 | 1 | 0 | |a Uzlaub in Österreich |
| 260 | |a Gütersloh |b Mohn and Co GmbH |c 1961 | ||
| 300 | |a 188 s. | ||
| 999 | |c 634091 |d 636021 | ||
| 952 | |t P60, <04>, [BOOK], {604} |a SNK |b SNK |y VYP |7 0 |p 17A0173453 |o snkID 70257 |0 0 |1 0 |4 0 |d 1998-12-19 |l 0 |r 2005-01-02 00:00:00 |w 2026-02-23 | ||


